Tidal - Album (Fiona Apple) - Statistics

General Stats
  • This quiz has been taken 38 times
  • The average score is 9 of 10
Answer Stats
# Title % Correct
4. Criminal
100%
10. Carrion
92%
6. The First Taste
92%
1. Sleep to Dream
88%
5. Slow Like Honey
88%
2. Sullen Girl
88%
7. Never Is a Promise
79%
9. Pale September
79%
3. Shadowboxer
79%
8. The Child Is Gone
71%
No matching quizzes found
Score Distribution
Percent of People with Each Score
Percentile by Number Answered
Your Score History
You have not taken this quiz